[Event "BLR-ch Youth U20 2019"]
[Site "Kobryn"]
[Date "2019.05.18"]
[Round "8.5"]
[White "Zarubitski, Viachaslau"]
[Black "Silich, Yahor"]
[Result "1-0"]
[WhiteElo "2416"]
[BlackElo "2170"]
[Annotator "RC"]
[PlyCount "81"]
[EventDate "2019.05.11"]
[EventType "tourn"]
[EventCountry "BLR"]
[SourceTitle "playchess.com"]
[Source "ChessBase"]
[SourceQuality "1"]
[TimeControl "40/5400+30:1800+30"]

1. f4 {[%emt 0:00:00]} g6 {[%emt 0:02:13]} 2. Nf3 {[%emt 0:00:09]} Bg7 {[%emt 0:00:34]} 3. g3 {[%emt 0:00:20]} d6 {[%emt 0:00:39]} 4. Bg2 {[%emt 0:00:13]} e5 {[%emt 0:00:38]} 5. Nc3 {[%emt 0:00:52]} Ne7 {[%emt 0:00:55]} 6. O-O {[%emt 0:02:18]} Nbc6 {[%emt 0:03:20]} 7. d3 {[%emt 0:02:49]} O-O {[%emt 0:01:36]} 8. Kh1 {[%emt 0:03:54]} h6 {[%emt 0:04:12]} 9. e4 {[%emt 0:04:04]} Be6 {[%emt 0:03:38]} 10. Be3 {[%emt 0:09:15]} exf4 {[%emt 0:10:37]} 11. Bxf4 {[%emt 0:03:48]} d5 {[%emt 0:02:55]} 12. Qe2 {[%emt 0:17:18]} d4 {[%emt 0:09:03]} 13. Nb5 {[%emt 0:10:02]} Rc8 {[%emt 0:05:42]} 14. a4 {[%emt 0:00:27]} a6 {[%emt 0:04:13]} 15. Na3 {[%emt 0:00:20]} g5 {[%emt 0:00:08]} 16. Bd2 {[%emt 0:14:04]} Ng6 {[%emt 0:00:21]} 17. Nc4 {[%emt 0:00:40]} g4 {[%emt 0:01:19]} 18. Ng1 {[%emt 0:01:21]} b5 {[%emt 0:08:16]} 19. axb5 {[%emt 0:01:15]} axb5 {[%emt 0:00:12]} 20. Na5 {[%emt 0:00:08]} Nce5 {[%emt 0:00:24]} 21. Nb7 {[%emt 0:27:13]} Qe7 {[%emt 0:00:17]} 22. b4 {[%emt 0:00:00]} Rce8 {[%emt 0:04:35]} 23. Nc5 {[%emt 0:01:00]} Bc8 {[%emt 0:00:29]} 24. Qf2 {[%emt 0:00:00]} h5 {[%emt 0:02:49]} 25. Ne2 {[%emt 0:00:00]} h4 {[%emt 0:04:19]} 26. gxh4 {[%emt 0:00:00]} Nxh4 {[%emt 0:04:25]} 27. Nxd4 {[%emt 0:00:00]} Nxg2 {[%emt 0:06:33]} 28. Qxg2 {[%emt 0:00:00]} Ng6 {[%emt 0:02:56]} 29. c3 {[%emt 0:00:00]} Nh4 {[%emt 0:02:30]} 30. Qg3 {[%emt 0:00:00]} f5 {[%emt 0:03:30]} 31. exf5 {[%emt 0:00:00]} Nxf5 {[%emt 0:02:52]} 32. Nxf5 {[%emt 0:00:00]} Bxf5 {[%emt 0:00:09]} 33. Qg2 {[%emt 0:00:26]} Qd6 {[%emt 0:01:24]} 34. d4 {[%emt 0:01:59]} Qg6 {[%emt 0:04:14]} 35. Rae1 {[%emt 0:00:27]} Kh7 {[%emt 0:00:25]} 36. Kg1 {[%emt 0:00:41]} Bf6 {[%emt 0:02:06]} 37. Rxe8 {[%emt 0:01:15]} Rxe8 38. Qd5 {[%emt 0:00:17]} Bc8 {[%emt 0:02:26]} 39. Rxf6 {[%emt 0:00:15]} Qxf6 {[%emt 0:01:07]} 40. Qh5+ {[%emt 0:00:00]} Kg7 {[%emt 0:00:00]} 41. Qxe8 {[%emt 0:00:36]} 1-0

[Event "BLR-ch Youth U20 2019"]
[Site "Kobryn"]
[Date "2019.05.19"]
[Round "9.1"]
[White "Silich, Yahor"]
[Black "Navumenka, Mikhei"]
[Result "0-1"]
[WhiteElo "2170"]
[BlackElo "2147"]
[Annotator "TA"]
[PlyCount "92"]
[EventDate "2019.05.11"]
[EventType "tourn"]
[EventCountry "BLR"]
[SourceTitle "playchess.com"]
[Source "ChessBase"]
[SourceQuality "1"]

{[%evp 13,92,31,43,39,37,24,45,34,46,22,35,9,82,68,66,53,62,7,38,-41,-35,-40,-26,-55,-22,-20,-13,-24,0,-27,-28,-14,-12,-27,-27,-32,-4,-45,-45,-42,-21,-44,-46,-44,-43,-108,-107,-104,-95,-118,-102,-95,-12,-19,0,0,0,-5923,-5306,-29974,-29975,-29975,-29976,-29982,-29983,-29983,-29984,-29984,-29984,-29985,-29986,-29987,-29988,-29989,-29990,-29990,-29991,-29991,-29991,-29992,-29985]} 1. e4 e6 2. d4 d5 3. exd5 exd5 4. Nf3 Nf6 5. Bd3 Bd6 6. Qe2+ Qe7 7. Qxe7+ Bxe7 8. Bf4 {C01: French: Exchange Variation} c6 9. O-O h6 10. Re1 {White is slightly better.} Be6 11. Ne5 Nbd7 12. Ng6 Rg8 $146 (12... fxg6 $11 {keeps the balance.} 13. Rxe6 Kf7) ({Predecessor:} 12... fxg6 13. Rxe6 Kf7 14. Re2 Rhe8 15. Nd2 Nh5 {½-½ (45) Hovhannisyan,R (2599)-Danin,A (2575) Kazan 2015}) 13. Nxe7 $16 Kxe7 14. Nd2 g5 15. Be5 (15. Bc7 $14) 15... Nh5 16. c4 ({White should play} 16. Bc7 $14) 16... Nxe5 $15 17. Rxe5 Nf4 18. Bf1 Rad8 19. c5 Kd7 20. b4 Rge8 21. Nb3 (21. g3 $5 {[%cal Rg3f4]} Ng6 22. Re3 $11) 21... f6 22. Re3 Bf5 23. Rae1 Rxe3 24. Rxe3 Ne6 (24... Bg6 {with more complications.} 25. f3 Ne6 26. Rc3 f5 27. Bd3 Ke7) 25. Bd3 (25. Rf3 $5 {[%cal Rf3f5]} Nf4 26. g3 $11) 25... Bxd3 26. Rxd3 {[%mdl 4096] Endgame KRN-KRN} b6 27. f3 Rb8 28. a3 {[#]} a5 $1 {[%mdl 512]} 29. Kf2 ({White should try} 29. cxb6 $1 $15 axb4 30. Nc5+ Kd6 31. axb4) (29. bxa5 bxa5) 29... bxc5 $17 30. Nxc5+ Nxc5 31. dxc5 axb4 {Hoping for ...b3. KR-KR} 32. Rb3 Ke6 (32... h5 $17) 33. Rxb4 $11 Rxb4 34. axb4 {KP-KP} f5 {White must now prevent ...d4.} (34... Ke5 $5) 35. h4 $2 {[%mdl 8192] [#]} (35. Ke3 $11) 35... d4 $1 $19 36. Ke2 gxh4 {Black mates.} 37. Kd3 Kd5 38. b5 cxb5 39. c6 Kxc6 40. Kxd4 Kd6 41. Kc3 Kc5 42. Kb3 b4 43. Kb2 Kc4 44. Kc2 b3+ 45. Kb2 h5 46. Kb1 Kd3 {Accuracy: White = 23%, Black = 51%.} 0-1

[Event "BLR-ch Youth U20 2019"]
[Site "Kobryn"]
[Date "2019.05.19"]
[Round "9.2"]
[White "Runets, Ivan"]
[Black "Papunidi, Matvey"]
[Result "1/2-1/2"]
[WhiteElo "2123"]
[BlackElo "2148"]
[Annotator "NA RC"]
[PlyCount "74"]
[EventDate "2019.05.11"]
[EventType "tourn"]
[EventCountry "BLR"]
[SourceTitle "playchess.com"]
[Source "ChessBase"]
[SourceQuality "1"]
[TimeControl "40/5400+30:1800+30"]

1. d4 {[%emt 0:01:04]} Nf6 {[%emt 0:00:00]} 2. Nf3 {[%emt 0:00:07]} e6 {[%emt 0:02:44]} 3. c4 {[%emt 0:00:13]} Nc6 {[%emt 0:00:17]} 4. Nc3 {[%emt 0:01:28]} Bb4 {[%emt 0:00:07]} 5. Qc2 {[%emt 0:00:30]} O-O {[%emt 0:01:41]} 6. Bd2 {[%emt 0:00:55]} d6 {[%emt 0:00:58]} 7. a3 {[%emt 0:00:24]} Bxc3 {[%emt 0:00:06]} 8. Bxc3 {[%emt 0:00:03]} Qe7 {[%emt 0:00:20]} 9. e3 {[%emt 0:00:26]} e5 {[%emt 0:00:36]} 10. d5 {[%emt 0:00:02] E33: Nimzo-Indian: Classical: 4...Nc6} Nb8 {[%emt 0:01:03]} 11. Nd2 {[%emt 0:00:05]} a5 {[%emt 0:04:01]} 12. b4 {[%emt 0:07:47]} (12. b3 c6 13. dxc6 Nxc6 14. Bd3 Be6 15. O-O d5 16. cxd5 Bxd5 17. Rfd1 Rac8 {½-½ (17) Wagner,D (2580)-Nisipeanu,L (2670) Skopje 2019}) 12... axb4 {[%emt 0:00:41]} 13. axb4 {[%emt 0:00:09]} Rxa1+ {[%emt 0:00:07]} 14. Bxa1 {[%emt 0:00:05]} Ne8 $146 {[%emt 0:32:33]} ({Predecessor:} 14... b5 $11 15. e4 bxc4 16. Bxc4 Nh5 17. O-O Nf4 {½-½ (56) Nowak,K (1823)-Walter,S (2078) Wroclaw 2017}) 15. Bd3 {[%emt 0:06:50]} f5 {[%emt 0:00:53]} 16. O-O {[%emt 0:00:13]} Nf6 {[%emt 0:04:33]} 17. Bb2 {[%emt 0:11:02]} c6 {[%emt 0:11:09]} 18. dxc6 {[%emt 0:03:05]} Nxc6 {[%emt 0:00:02]} 19. Qc3 {[%emt 0:03:22]} Be6 {[%emt 0:03:00]} 20. b5 {[%emt 0:00:12]} Nb8 {[%emt 0:00:06]} 21. Ra1 {[%emt 0:02:28]} Nbd7 {[%emt 0:03:21]} 22. Nb3 {[%emt 0:00:54]} Ne4 {[%emt 0:00:29]} 23. Qc2 {[%emt 0:00:34]} Ndc5 {[%emt 0:02:18]} 24. Nxc5 {[%emt 0:00:29]} Nxc5 {[%emt 0:00:03]} 25. Bf1 {[%emt 0:00:09]} Rc8 {[%emt 0:04:54]} 26. Qc3 {[%emt 0:04:21]} Qf7 {[%emt 0:08:22]} 27. Qb4 {[%emt 0:01:03]} h6 {[%emt 0:00:51]} 28. Rd1 {[%emt 0:00:20]} Qc7 {[%emt 0:01:07]} 29. f3 {[%emt 0:04:10]} b6 {[%emt 0:00:51]} 30. Qd2 {[%emt 0:00:54]} Nb7 {[%emt 0:03:49]} 31. Ba3 $11 {[%emt 0:01:39]} Rd8 {[%emt 0:00:04]} 32. Qd3 {[%emt 0:02:53]} d5 {[%emt 0:01:03]} 33. cxd5 {[%emt 0:04:31]} Rxd5 {[%emt 0:00:02]} 34. Rc1 {[%emt 0:01:09]} Qxc1 {[%emt 0:03:54]} 35. Bxc1 {[%emt 0:00:05]} Rxd3 {[%emt 0:00:02]} 36. Bxd3 {[%emt 0:00:08]} Nd6 {[%emt 0:02:22]} 37. Ba3 {[%emt 0:00:56]} Nc4 {[%emt 0:00:14]} 1/2-1/2

[Event "BLR-ch Youth U20 2019"]
[Site "Kobryn"]
[Date "2019.05.19"]
[Round "9.3"]
[White "Strybuk, Artsiom I"]
[Black "Nikitenko, Mihail"]
[Result "0-1"]
[WhiteElo "2294"]
[BlackElo "2417"]
[Annotator "TA"]
[PlyCount "111"]
[EventDate "2019.05.11"]
[EventType "tourn"]
[EventCountry "BLR"]
[SourceTitle "playchess.com"]
[Source "ChessBase"]
[SourceQuality "1"]

{[%evp 14,111,39,15,47,0,47,28,30,24,24,33,41,12,43,31,32,33,95,59,77,75,79,72,68,66,56,31,36,0,0,0,0,0,0,0,70,73,94,94,124,38,47,28,31,14,21,0,0,-11,0,-168,-147,-174,-155,-164,-120,-128,-111,-202,-172,-264,-260,-246,-187,-278,-279,-349,-240,-258,-217,-212,-193,-189,-188,-197,-199,-231,-229,-203,-215,-253,-251,-290,-278,-279,-300,-291,-287,-537,-528,-506,-501,-477,-466,-680,-627,-845,-732,-29971]} 1. d4 Nf6 2. c4 g6 3. Nf3 Bg7 4. g3 O-O 5. Bg2 d6 6. O-O c6 7. b3 Qa5 8. Qd2 Qh5 {E60: King's Indian: Unusual lines and Fianchetto Variation without Nc3} 9. Qg5 (9. Nc3 Bh3 10. Qg5 Qxg5 11. Bxg5 Bxg2 12. Kxg2 h6 13. Bd2 d5 14. Rfc1 e6 15. Rab1 Nbd7 16. a4 Ne4 17. Be1 {½-½ (37) Nikolic,P (2657)-Sedlak,N (2605) Murska Sobota 2007}) 9... c5 10. Qxh5 Nxh5 {White has an edge.} 11. Bb2 Nc6 {[%cal Rc5d4]} 12. e3 a5 $146 ({Predecessor:} 12... Rb8 13. Rd1 Bd7 14. Nc3 b6 15. h3 h6 16. Rd2 {½-½ (71) Nguyen,D (2121)-Nguyen,V (2352) Bac Giang 2014}) 13. Na3 Nb4 14. Nb5 a4 15. Bc3 Na6 ({Black should play} 15... Nc6 $14) 16. dxc5 Nxc5 17. b4 Ne4 18. Bxg7 Kxg7 19. Nfd4 Nhf6 20. Rfc1 Bd7 21. Nc3 Nxc3 22. Rxc3 Rab8 23. Rac1 Rfc8 24. c5 d5 (24... e5 $11 25. Ne2 Bb5 26. cxd6 Rd8) 25. f4 $14 e6 26. b5 Be8 27. c6 (27. Bf3 $16) 27... bxc6 28. bxc6 Kf8 29. Bf1 {Threatening Ba6.} Ne4 30. Ra3 Rb4 31. Bb5 Nd6 32. Rxa4 $2 (32. Bd3 $11 {and White has nothing to worry.}) 32... Rxd4 $19 {[%mdl 64] [#] Remove Defender} (32... Rxb5 33. Nxb5 Nxb5 34. e4 $17) 33. Rxd4 {Hoping for a4.} Nxb5 34. Rb4 Na3 ({Resist} 34... Rxc6 35. Rxc6 Bxc6 36. a4 $15) 35. c7 Nc4 36. Rb7 (36. Rb8 $17 Rxc7 37. e4) 36... Ke7 37. e4 (37. Kf2 $142) 37... Bc6 38. Ra7 Kd6 39. exd5 (39. e5+ {was called for.} Kd7 40. Kf2) 39... exd5 40. Re1 Nd2 {White must now prevent ...Nf3+.} ({Weaker is} 40... Rxc7 41. Rxc7 Kxc7 42. Kf2 $19) 41. Kf2 Ne4+ ({Don't play} 41... Rxc7 42. Rxc7 Kxc7 43. Re7+ Kd6 44. Rxf7 $17) 42. Ke3 Rxc7 43. Rxc7 Kxc7 44. Kd4 Kd6 45. Rc1 h5 46. Rc2 Nf6 47. Rb2 Nd7 48. a3 Nc5 49. Rb8 Ne6+ 50. Kd3 d4 51. Rh8 $2 {[#]} (51. Kc4) 51... Bb5+ {Black is clearly winning.} 52. Kd2 Nc5 53. Rd8+ Bd7 54. a4 (54. f5 $142 Ke7 55. Rb8) 54... Nxa4 55. Kd3 Nc5+ 56. Kxd4 {Accuracy: White = 24%, Black = 61%.} 0-1

[Event "BLR-ch Youth U20 2019"]
[Site "Kobryn"]
[Date "2019.05.19"]
[Round "9.4"]
[White "Siniauski, Artsiom"]
[Black "Galkin, Gleb"]
[Result "0-1"]
[WhiteElo "2219"]
[BlackElo "2163"]
[Annotator "NA RC"]
[PlyCount "112"]
[EventDate "2019.05.11"]
[EventType "tourn"]
[EventCountry "BLR"]
[SourceTitle "playchess.com"]
[Source "ChessBase"]
[SourceQuality "1"]
[TimeControl "40/5400+30:1800+30"]

1. e4 {[%emt 0:00:00]} e5 {[%emt 0:00:00]} 2. Nf3 {[%emt 0:00:00]} Nc6 {[%emt 0:00:00]} 3. Bb5 {[%emt 0:00:00]} a6 {[%emt 0:00:00]} 4. Ba4 {[%emt 0:00:05]} Nf6 {[%emt 0:00:00]} 5. O-O {[%emt 0:00:11]} Be7 {[%emt 0:00:00]} 6. Re1 {[%emt 0:00:08]} b5 {[%emt 0:00:00]} 7. Bb3 {[%emt 0:00:05]} O-O {[%emt 0:00:05]} 8. h3 {[%emt 0:00:09]} d6 {[%emt 0:00:05]} 9. c3 {[%emt 0:00:09]} Nb8 {[%emt 0:00:04]} 10. d4 {[%emt 0:04:17]} Nbd7 {[%emt 0:00:16]} 11. Nbd2 {[%emt 0:00:14]} Bb7 {[%emt 0:00:06]} 12. Bc2 {[%emt 0:00:44]} Re8 {[%emt 0:00:07]} 13. a4 {[%emt 0:01:51]} Bf8 {[%emt 0:09:38]} 14. Bd3 {[%emt 0:02:13]} c6 {[%emt 0:02:04]} 15. Qc2 {[%emt 0:05:23] C95: Closed Ruy Lopez: Breyer Variation with 10 d4} (15. b3 g6 16. Qc2 Nh5 17. Bf1 Nf4 18. g3 Ne6 19. Bb2 Bg7 20. b4 Nb6 21. axb5 axb5 22. dxe5 Rxa1 23. Rxa1 dxe5 24. c4 Nd4 25. Bxd4 exd4 {½-½ (73) Inarkiev,E (2684)-Alekseenko,K (2621) Yaroslavl 2018}) 15... Rc8 {[%emt 0:08:23]} 16. b3 {[%emt 0:06:00]} g6 {[%emt 0:15:50]} 17. Bb2 {[%emt 0:04:12]} Bg7 {[%emt 0:01:09]} 18. Rac1 {[%emt 0:07:58]} Qc7 {[%emt 0:08:34]} 19. axb5 $146 {[%emt 0:09:24]} ({Predecessor:} 19. b4 Nb6 20. axb5 cxb5 21. d5 Bh6 22. Qd1 Nh5 23. g3 {1-0 (38) Ladopoulos,D (2197)-Tsekmes,D (1886) Thessaloniki 2015}) 19... cxb5 {[%emt 0:04:22]} 20. d5 {[%emt 0:01:45]} Nc5 {[%emt 0:10:19]} 21. b4 {[%emt 0:03:39]} Nxd3 {[%emt 0:01:26]} 22. Qxd3 {[%emt 0:00:07]} Nd7 {[%emt 0:06:04]} 23. c4 {[%emt 0:03:04]} Qb6 {[%emt 0:02:15]} 24. cxb5 {[%emt 0:06:16]} Qxb5 {[%emt 0:05:41]} 25. Qxb5 {[%emt 0:10:29]} axb5 {[%emt 0:00:01]} 26. Nb3 {[%emt 0:00:09]} Nb6 {[%emt 0:07:00]} 27. Na5 {[%emt 0:07:22]} Ba8 {[%emt 0:00:08]} 28. Nd2 {[%emt 0:01:44]} f5 {[%emt 0:01:40]} 29. f3 {[%emt 0:01:50]} Bh6 {[%emt 0:00:38]} 30. Rxc8 {[%emt 0:01:17]} Rxc8 {[%emt 0:00:55]} 31. Ndb3 {[%emt 0:00:10]} Na4 {[%emt 0:04:34]} 32. Re2 {[%emt 0:03:19]} Nxb2 {[%emt 0:06:38]} 33. Rxb2 {[%emt 0:00:05]} fxe4 {[%emt 0:01:38]} 34. fxe4 {[%emt 0:00:05]} Be3+ {[%emt 0:00:05]} 35. Kf1 {[%emt 0:01:34]} Bb6 {[%emt 0:02:35]} 36. Ke2 {[%emt 0:01:34]} Kf7 {[%emt 0:03:29]} 37. Kd3 {[%emt 0:00:46]} Ke7 {[%emt 0:00:58]} 38. Nd2 {[%emt 0:04:22]} Kd7 {[%emt 0:01:34]} 39. Nb1 {[%emt 0:02:40]} Bxa5 {[%emt 0:00:38]} 40. bxa5 {[%emt 0:00:00]} Bb7 {[%emt 0:00:00]} 41. Na3 {[%emt 0:04:27]} Ra8 {[%emt 0:05:55]} 42. Nxb5 {[%emt 0:04:22]} Rxa5 {[%emt 0:06:15]} 43. Nxd6 {[%emt 0:03:38]} Ba6+ {[%emt 0:00:26]} 44. Nc4 {[%emt 0:00:04]} Ra3+ {[%emt 0:00:16]} 45. Kd2 {[%emt 0:00:13]} Bxc4 {[%emt 0:00:48]} 46. Rb7+ {[%emt 0:00:04]} Kd6 {[%emt 0:01:24]} 47. Rxh7 {[%emt 0:00:03]} Kc5 {[%emt 0:03:16]} 48. Rc7+ {[%emt 0:00:59]} Kd4 {[%emt 0:00:29]} 49. d6 {[%emt 0:00:03]} Ra6 {[%emt 0:06:51]} 50. d7 {[%emt 0:00:27]} Rd6 {[%emt 0:00:53]} 51. Rc6 {[%emt 0:00:19]} Rxd7 {[%emt 0:00:07]} 52. Rxg6 {[%emt 0:00:05]} Kxe4+ {[%emt 0:00:11]} 53. Ke1 {[%emt 0:00:05]} Kd3 {[%emt 0:02:02]} 54. h4 {[%emt 0:00:29]} e4 {[%emt 0:01:36]} 55. h5 {[%emt 0:00:18]} e3 {[%emt 0:00:18]} 56. h6 {[%emt 0:00:41]} Kc2 {[%emt 0:00:07]} 0-1

[Event "BLR-ch Youth U20 2019"]
[Site "Kobryn"]
[Date "2019.05.19"]
[Round "9.5"]
[White "Tsaruk, Maksim"]
[Black "Zarubitski, Viachaslau"]
[Result "0-1"]
[WhiteElo "2229"]
[BlackElo "2416"]
[Annotator "TA"]
[PlyCount "144"]
[EventDate "2019.05.11"]
[EventType "tourn"]
[EventCountry "BLR"]
[SourceTitle "playchess.com"]
[Source "ChessBase"]
[SourceQuality "1"]

{[%evp 9,144,13,3,0,0,0,7,0,6,6,4,0,30,14,31,24,48,0,52,52,54,53,31,-27,29,45,44,46,46,0,0,0,15,0,31,-7,0,-34,0,-9,12,-79,-95,-93,-33,-68,-78,-99,-58,-66,-57,-175,-170,-193,-199,-315,-316,-433,-404,-510,-512,-565,-563,-513,-547,-958,-945,-1038,-984,-1347,-1252,-1232,-803,-725,-743,-664,-643,-1016,-984,-4558,-4598,-2855,-2570,-2660,-2334,-1329,-1205,-5608,-5091,-5197,-5089,-2627,-3854,-4940,-4259,-4688,-2087,-11025,-10650,-12804,-12791,-29955,-5581,-5087,-760,-757,-697,-697,-629,-1536,0,-202,0,-2060,-606,-1619,-598,-598,-598,-591,-591,-29977,-29978,-29978,-29979,-29977,-29978,-29982,-29983,-29983,0,0,0,-29982,-29984,-29995,-5604]} 1. e4 d6 2. d4 Nf6 3. Nc3 e5 4. g3 (4. Nf3 Nbd7 5. Bc4 Be7 6. a4 O-O 7. O-O c6 8. Re1 a5 9. h3 Nb6 10. Ba2 Nfd7 11. Be3 exd4 12. Bxd4 Nc5 13. Bxc5 dxc5 14. Qe2 Qd6 15. Rad1 Qg6 16. Ne5 Qg5 17. Nf3 Qg6 18. Ne5 Qg5 19. Nf3 Qg6 20. Ne5 Qg5 {½-½ (20) Fressinet,L (2650)-Ponomariov,R (2663) Germany 2019}) 4... exd4 5. Qxd4 Nc6 6. Qd2 $146 {B07: Pirc Defence: Miscellaneous Systems} ({Predecessor:} 6. Qd3 Be7 7. Bf4 O-O 8. O-O-O Ng4 9. Qe2 Nge5 10. Nf3 Bg4 11. Bg2 {0-1 (55) Driessen,C (1873)-Soares,F (1890) ICCF email 2005}) 6... g6 7. Bg2 Bg7 8. b3 {The position is equal.} O-O 9. Bb2 Re8 10. O-O-O a5 11. a4 Nb4 12. Nge2 Bd7 13. Rhe1 Bc6 ({Black should try} 13... Ng4 $11 14. Nf4 Bc6) 14. Nd4 $14 Nd7 15. Kb1 Nc5 16. f3 (16. h4 $14) 16... Qf6 (16... Nbd3 $142 $1 17. Nxc6 bxc6) 17. Na2 $11 Nxa2 18. Kxa2 Bd7 19. c4 Qd8 20. Bc3 Re7 21. Ne2 Qf8 22. Nf4 Bc6 23. Nd3 b6 (23... Bxc3 {keeps more tension.} 24. Qxc3 Qg7 25. Qc2 Nxd3 26. Qxd3 Rae8) 24. Nxc5 {Bxg7 is the strong threat.} bxc5 (24... Bxc3 {is interesting.} 25. Qxc3 bxc5 26. Qc2 Qc8 27. e5 Rxe5 28. Rxe5 dxe5 29. Re1 Qb7) 25. e5 ({Of course not} 25. Bxa5 Qb8 $17) (25. Bxg7 $11 {remains equal.} Qxg7 26. f4) 25... Bxe5 $17 26. Bxe5 Rxe5 ({Better is} 26... dxe5 $17 27. Qe3 Re6) 27. Rxe5 dxe5 28. Qc3 Qe7 29. Re1 f6 30. Bf1 (30. Rd1 $15) 30... Qd6 $19 31. Be2 Qd4 32. Qc2 (32. Rc1 $142) 32... Qf2 {[%mdl 64] [#] Double Attack} 33. Rf1 Qxh2 34. f4 Qxg3 35. fxe5 Qxe5 36. Bd3 {intending Bxg6!} Kg7 37. Rg1 {[%cal Rd3g6] If White can now play Bxg6! this consolidates a bit.} Qe3 38. Rf1 Rd8 39. Qc3 Rd4 ({And not} 39... Qxd3 40. Qxf6+ Kg8 41. Qf7+ Kh8 42. Qf6+ Kg8 43. Qf7+ Kh8 44. Qf6+ Kg8 $11) 40. Qxa5 Qxd3 41. Qxc7+ Bd7 {( -> ...Qe2+)} 42. Qxc5 Re4 43. Rf2 Bxa4 44. bxa4 Qxc4+ 45. Qxc4 Rxc4 {[%mdl 4096] Endgame KR-KR} 46. Kb3 Rc7 47. a5 g5 48. a6 Kg6 49. Ra2 Ra7 50. Kc4 g4 51. Kd4 Kg5 52. Ke3 f5 53. Ra5 h5 54. Kf2 {[#]} h4 $1 55. Ra4 Kg6 (55... f4 $142 56. Ra5+ Kg6 57. Kg2 h3+ 58. Kh2 g3+ 59. Kxh3 Rh7+ 60. Kg2 Rh2+ 61. Kf3 Rf2+ 62. Kg4 g2 63. Rg5+ Kf6 64. Kh5 Ra2 65. Kh4 f3 66. Kh5 Ra1 67. Rg6+ Kf7 68. Rg4 g1=Q 69. Rxg1 Rxg1 70. a7 Rg8 71. a8=B Rxa8 72. Kg5 f2 73. Kf4 f1=Q+ 74. Ke3 Rd8 75. Ke4 Qd3+ 76. Ke5 Qd4+ 77. Kf5 Rd5#) 56. Kg2 Kf6 (56... Kh5 $142 57. Ra5 Kg6) 57. Kf2 Ke5 58. Ra5+ Ke6 59. Ra4 Ke5 $2 (59... Kf6 60. Kg2 Ke5 61. Ra5+ Kf4 62. Ra4+ Ke3 63. Ra3+ Kf4 64. Ra4+ Ke5 65. Ra5+ Kf6) 60. Ra5+ Kf6 $2 (60... Ke4 61. Ra4+ Kd5 62. Ra5+ Ke6) 61. Ra4 $1 Ke6 (61... Kg5 $142 62. Ra5 Kf6 63. Ra4) 62. Kg2 Kd5 (62... Ke5 $142 63. Ra5+ Ke6) 63. Kf2 Kc6 64. Ra5 f4 65. Rf5 g3+ 66. Kg2 Rxa6 67. Rf6+ Kb7 68. Rxf4 Ra2+ 69. Kg1 Ra1+ 70. Kg2 Ra2+ 71. Kg1 h3 72. Rf1 h2+ {Accuracy: White = 40%, Black = 50%.} 0-1